| 000 | 01540cam a2200361 a 4500 | ||
|---|---|---|---|
| 999 |
_c234146 _d234146 |
||
| 001 | 17481251 | ||
| 003 | Nust | ||
| 005 | 20170314132848.0 | ||
| 008 | 121002s2011 nyuaf 000 0 eng d | ||
| 010 | _a 2012406526 | ||
| 020 | _a9780141041025 | ||
| 035 | _a(OCoLC)ocn679930065 | ||
| 040 |
_aBTCTA _beng _cBTCTA _dBKL _dYDXCP _dCLE _dEINCP _dB@L _dBKX _dGK8 _dBDX _dDLC |
||
| 042 | _alccopycat | ||
| 043 | _an-us-nc | ||
| 050 | 0 | 0 |
_aHV6534.C285 _bL36 2011 |
| 082 | 0 | 4 |
_a823.92 _bPAR |
| 100 | 1 | _aParks, Adele | |
| 245 | 1 | 0 |
_aLove lies / _cAdele, Parks |
| 250 | _aBerkley mass market ed. | ||
| 260 |
_aNew York : _bBerkley Books, _c2009. |
||
| 300 |
_a503 p. _c20 cm. |
||
| 500 | _a"A true story of marriage and murder in the suburbs"--Cover. | ||
| 520 | _aWho killed suburban wife and mother Nancy Cooper? Suspicion fell on Nancy's handsome husband, Brad. But why would a devoted husband and father of two young girls want to kill his wife? Nancy's parents and friends knew why. | ||
| 600 | 1 | 0 |
_aCooper, Nancy, _d1973-2008. |
| 650 | 0 |
_aHomicide investigation _zNorth Carolina _zCary _vCase studies. |
|
| 650 | 0 |
_aTrials (Murder) _zNorth Carolina _zCary. |
|
| 830 | 0 | _aBerkley true crime. | |
| 906 |
_a7 _bcbc _ccopycat _d2 _encip _f20 _gy-gencatlg |
||
| 942 |
_2ddc _cBK |
||